000
00321nam a2200109Ia 4500
008
171211s9999 xx 000 0 und d
245
4
_a
The Everything Breastfeeding Book
245
_c
Ray Fredregill and Suzanne Fredregill
260
_c
2010
650
_x
HEALTH
856
_u
http://down.ebook777.com/017/9781440502187.pdf
999
_c
348376
_d
348376